Stabilization of black cotton soil by using cashew nut shell (Record no. 138431)

000 -LEADER
fixed length control field 00323nam a2200097Ia 4500
008 - FIXED-LENGTH DATA ELEMENTS--GENERAL INFORMATION
fixed length control field 220120s9999||||xx |||||||||||||| ||und||
100 ## - MAIN ENTRY--PERSONAL NAME
Personal name Chaitra p s and others
9 (RLIN) 12831
245 #0 - TITLE STATEMENT
Title Stabilization of black cotton soil by using cashew nut shell
260 ## - PUBLICATION, DISTRIBUTION, ETC.
Place of publication, distribution, etc. Coorg Institute of Technology
Name of publisher, distributor, etc. Ponnampet
Date of publication, distribution, etc. 2020
650 ## - SUBJECT ADDED ENTRY--TOPICAL TERM
Topical term or geographic name entry element MECHANICAL
Holdings
Withdrawn status Lost status Damaged status Not for loan Home library Current library Date acquired Full call number Barcode Date last seen Price effective from Koha item type
        Central Library Central Library 01/20/2022 624 CHA PR822 01/20/2022 01/20/2022 Project Reports

Powered by Koha